000 00872nam a2200229Ia 4500
003 GCL
008 140319s9999 xx 000 0 ara d
020 _a2001383977
040 _aGCL /
_cGCL
082 0 4 _a324.2
_bم و
100 1 _aمدحت ابوالنصر
245 1 0 _aالوظيفة الاجتماعية للاحزاب السياسية :
_bاحدى مسارات تفعيل العمل السياسى وتدعيم حقوق الانسان /
_cمدحت ابوالنصر
250 _aالاولى
260 _aالقاهرة :
_bايتراك للنشر والتوزيع ،
_c2004
300 _a193 ص ؛
_c24 سم
650 0 4 _aالاحوال السياسية
650 0 4 _aحقوق الانسان
650 0 4 _aالاحزاب السياسية
650 0 4 _aالممارسة السياسية
650 0 4 _aمصر - احزاب سياسية
942 _2ddc
_cBK
999 _c6084
_d6084